000 00661nam a2200229Ia 4500
003 OSt
005 20251210103327.0
008 210423s2011 xx 000 0 und d
020 _a9788126146475
040 _cAL
041 _aeng
082 _a823.009
_223
_bNAWR
100 _aArvind M Nawale
_993009
245 _aReflections on post independence Indian english fiction
260 _aNew Delhi
_bAnmol Publications
_c2011
300 _axvi,232p
_bPB
365 _b900
_cINR
650 _aEnglish Fiction
_993010
650 _aEnglish Literature
_993011
906 _aenglish ; fiction. ; independence ; Indian ; post ; Reflections
942 _2ddc
_cBK
999 _c161052
_d161052